The strategic metal investment handbook

Bibliographic Details
Main Author: Posner, Mitchell J.
Other Authors: Goldberg, Philip
Format: Book
Published: New York : McGraw-Hill , c1983
Edition:1st ed.
Subjects:

MARC

LEADER 00000cam a2200000 7i4500
001 0000004467
005 20050430.0
020 |a 0070505772 
040 |a INS 
090 0 0 |a HD9506.A2   |b P64 1983 
100 0 |a Posner, Mitchell J. 
245 1 4 |a The strategic metal investment handbook   |c Mitchell J. Posner and Philip Goldberg 
250 |a 1st ed. 
260 |a New York :   |b McGraw-Hill ,   |c c1983 
300 |a x, 374p. ;   |c 23 cm. 
500 |a Includes index 
650 0 0 |a Metals as an investment 
650 0 0 |a Strategic materials 
700 1 |a Goldberg, Philip 
999 |a 0000003037   |b BOOK   |c Open Shelf   |e Default branch